[Event "Open"]
[Site "Cappelle la Grande"]
[Date "1999.02.18"]
[Round "6"]
[White "Savchenko, Stanislav"]
[Black "Plachetka, Jan"]
[Result "1-0"]
[WhiteElo "2539"]
[BlackElo "2395"]
[PlyCount "97"]
[EventDate "1999.02.??"]

1. Nf3 c5 2. c4 Nf6 3. Nc3 e6 4. g3 b6 5. Bg2 Bb7 6. O-O Be7 7. d4 cxd4 8. Qxd4
d6 9. Bg5 a6 10. Bxf6 Bxf6 11. Qf4 O-O 12. Rfd1 Be7 13. Ne4 Bxe4 14. Qxe4 Ra7
15. Nd4 Rc7 16. Rac1 Qc8 17. Rc2 Bf6 18. b3 Rd8 19. Rdc1 Rc5 20. e3 Qd7 21. Qd3
g6 22. h4 Rdc8 23. a4 Bg7 24. Qd2 Qe7 25. b4 R5c7 26. b5 axb5 27. axb5 Rc5 28.
Nc6 Nxc6 29. bxc6 b5 30. cxb5 Rxb5 31. Bf1 Rb6 32. c7 d5 33. Qa5 Qd6 34. Bb5 d4
35. Rc6 Rxc6 36. Rxc6 Qe5 37. exd4 Qf5 38. Qa4 Qe4 39. Qa6 Rxc7 40. Rxc7 Bxd4
41. Rc8+ Kg7 42. Bc6 Qe1+ 43. Qf1 Bxf2+ 44. Kg2 Qxf1+ 45. Kxf1 Bxg3 46. h5 gxh5
47. Kg2 h4 48. Ra8 f5 49. Bd7 1-0

[Event "Open"]
[Site "Cappelle la Grande"]
[Date "1999.02.18"]
[Round "6"]
[White "Socko, Bartosz"]
[Black "Riff, Sebastien"]
[Result "1-0"]
[WhiteElo "2497"]
[BlackElo "2225"]
[PlyCount "53"]
[EventDate "1999.02.??"]

1. e4 c5 2. Nf3 e6 3. d4 cxd4 4. Nxd4 Nf6 5. Nc3 d6 6. Be3 a6 7. f3 Qc7 8. g4
h6 9. Qd2 b5 10. O-O-O Nbd7 11. h4 Nb6 12. e5 Nfd5 13. Bxb5+ axb5 14. Ndxb5 Qb8
15. Bxb6 Qxb6 16. exd6 Bxd6 17. Nxd5 exd5 18. Qxd5 Bf4+ 19. Kb1 Rb8 20. Qe4+
Be6 21. a4 Be3 22. Rd6 Qc5 23. Rc6 Rxb5 24. axb5 Qa7 25. Rxe6+ fxe6 26. Qxe6+
Qe7 27. Qxe7+ 1-0

[Event "Open"]
[Site "Cappelle la Grande"]
[Date "1999.02.18"]
[Round "6"]
[White "Stefansson, Hannes"]
[Black "Ghitescu, Theodor"]
[Result "1-0"]
[WhiteElo "2569"]
[BlackElo "2365"]
[PlyCount "95"]
[EventDate "1999.02.??"]

1. d4 Nf6 2. c4 c5 3. d5 d6 4. Nc3 g6 5. e4 Bg7 6. f3 O-O 7. Bg5 h6 8. Be3 e6
9. Qd2 exd5 10. cxd5 Re8 11. Nge2 Nh7 12. Nc1 a6 13. a4 Nd7 14. Be2 Rb8 15. O-O
h5 16. Rb1 Qc7 17. Nd3 b5 18. axb5 axb5 19. b4 c4 20. Ne1 Ne5 21. Nc2 Bd7 22.
Nd4 Qb7 23. h3 Nf6 24. Ra1 Ra8 25. f4 Nd3 26. Rxa8 Qxa8 27. Bxd3 cxd3 28. Ndxb5
Bxb5 29. Nxb5 Nxe4 30. Qxd3 Qa6 31. Rd1 Ng3 32. Na3 Qxd3 33. Rxd3 Rxe3 34. Rxe3
Bd4 35. Kf2 Nf5 36. Nc2 Nxe3 37. Nxe3 Kf8 38. Ke2 Ke7 39. Kd3 Ba7 40. f5 Kd7
41. Ke4 Bb6 42. Nc4 Bf2 43. Kf4 Bh4 44. b5 Be7 45. b6 Kc8 46. f6 Bf8 47. g4
hxg4 48. hxg4 1-0

[Event "Open"]
[Site "Cappelle la Grande"]
[Date "1999.02.18"]
[Round "6"]
[White "Zlochevskij, Alexander"]
[Black "Kuemin, Simon"]
[Result "1/2-1/2"]
[WhiteElo "2457"]
[BlackElo "2197"]
[PlyCount "87"]
[EventDate "1999.02.??"]

1. d4 e6 2. Nf3 Nf6 3. c4 Bb4+ 4. Bd2 Qe7 5. g3 Nc6 6. Nc3 O-O 7. Bg2 Na5 8. b3
b6 9. Ne5 Bb7 10. Bxb7 Nxb7 11. O-O c5 12. a3 Bxc3 13. Bxc3 d5 14. Bb2 dxc4 15.
bxc4 Rac8 16. d5 Rfd8 17. e4 b5 18. Qc2 Na5 19. Bc3 Nxc4 20. Nc6 Rxc6 21. dxc6
Qc7 22. a4 a6 23. axb5 axb5 24. Rfd1 Rc8 25. Ra6 e5 26. Qd3 h6 27. f4 Qe7 28.
Bxe5 Nxe5 29. fxe5 Qxe5 30. Qxb5 Nxe4 31. Qd3 c4 32. Qd5 Ng5 33. Qxe5 Nf3+ 34.
Kg2 Nxe5 35. Rd5 f6 36. Rd6 c3 37. Ra3 Rxc6 38. Rxc6 Nxc6 39. Rxc3 Ne5 40. Rc7
Kh7 41. h3 h5 42. Kf2 Kg6 43. Ke3 Nf7 44. Kf4 1/2-1/2

[Event "Open"]
[Site "Cappelle la Grande"]
[Date "1999.02.19"]
[Round "7"]
[White "Akesson, Ralph"]
[Black "Pedzich, Dominik"]
[Result "1-0"]
[WhiteElo "2530"]
[BlackElo "2436"]
[PlyCount "59"]
[EventDate "1999.02.??"]

1. d4 d6 2. Nf3 Nf6 3. c4 g6 4. Nc3 Bg7 5. e4 O-O 6. Be2 e5 7. Be3 exd4 8. Nxd4
Re8 9. f3 c6 10. Bf2 d5 11. exd5 cxd5 12. O-O Nc6 13. c5 Nh5 14. Qd2 Be5 15. g3
Ng7 16. Rfd1 Be6 17. Nxe6 Nxe6 18. Qxd5 Bxc3 19. bxc3 Nf4 20. gxf4 Rxe2 21.
Qxd8+ Rxd8 22. Rxd8+ Nxd8 23. Rd1 Ne6 24. Rd7 Rxa2 25. Rxb7 Ra1+ 26. Kg2 Nxf4+
27. Kg3 Ne2+ 28. Kh3 Ra6 29. Be3 h5 30. Rb2 1-0

[Event "Open"]
[Site "Cappelle la Grande"]
[Date "1999.02.19"]
[Round "7"]
[White "Tregubov, Pavel V."]
[Black "Savchenko, Stanislav"]
[Result "1-0"]
[WhiteElo "2570"]
[BlackElo "2539"]
[PlyCount "57"]
[EventDate "1999.02.??"]

1. d4 d5 2. c4 c6 3. Nf3 Nf6 4. Nc3 dxc4 5. a4 Bf5 6. Nh4 e6 7. Nxf5 exf5 8. e3
Bb4 9. Bxc4 O-O 10. O-O Nbd7 11. Bd2 a5 12. Ne2 Bxd2 13. Qxd2 Qe7 14. Nf4 Nb6
15. Bb3 Rfd8 16. Qc2 g6 17. Nd3 Nbd5 18. Ne5 Kg7 19. Rfe1 Rac8 20. Rac1 c5 21.
Qd2 b6 22. f3 cxd4 23. exd4 Qd6 24. Rxc8 Rxc8 25. g4 f4 26. g5 Nh5 27. Nxf7 Qd7
28. Ne5 Qd8 29. Ng4 1-0

[Event "Open"]
[Site "Cappelle la Grande"]
[Date "1999.02.19"]
[Round "7"]
[White "Apicella, Manuel"]
[Black "Stefansson, Hannes"]
[Result "1/2-1/2"]
[WhiteElo "2515"]
[BlackElo "2569"]
[PlyCount "141"]
[EventDate "1999.02.??"]

1. e4 c5 2. Nf3 Nc6 3. d4 cxd4 4. Nxd4 Nf6 5. Nc3 d6 6. Be2 e6 7. O-O Be7 8. b3
O-O 9. Bb2 Qb6 10. Nxc6 bxc6 11. Re1 Bb7 12. Na4 Qc7 13. Bf1 Nd7 14. Qd3 d5 15.
Rad1 Rfd8 16. Qh3 Nf8 17. Qc3 Bf6 18. e5 Be7 19. Nc5 Bxc5 20. Qxc5 Nd7 21. Qe7
c5 22. Rd3 Re8 23. Qg5 Qd8 24. Qh5 f5 25. exf6 Nxf6 26. Bxf6 Qxf6 27. Rf3 Qg6
28. Qxg6 hxg6 29. Re5 c4 30. Rg3 Rac8 31. bxc4 dxc4 32. Ra5 Be4 33. Rc3 Re7 34.
Rxc4 Rxc4 35. Bxc4 Bxc2 36. f4 Kf7 37. Ra6 Be4 38. Kf2 Bd5 39. Bxd5 exd5 40. g3
d4 41. Rd6 Rc7 42. a4 Rc2+ 43. Kf3 Rxh2 44. Rxd4 Ke6 45. Re4+ Kf6 46. Rc4 Rb2
47. Rc6+ Kf7 48. Rc7+ Kg8 49. Rxa7 Rb3+ 50. Kg4 Ra3 51. a5 Kh8 52. Ra6 Kg8 53.
Ra8+ Kh7 54. a6 Ra5 55. Kf3 g5 56. fxg5 Kg6 57. Ra7 Rf5+ 58. Kg2 Ra5 59. Kh3
Ra4 60. g4 Ra3+ 61. Kg2 Ra2+ 62. Kf3 Ra4 63. Ke3 Rxg4 64. Rc7 Ra4 65. a7 Kxg5
66. Kd3 Kf6 67. Kc3 Ke6 68. Kb3 Ra1 69. Kb4 Kd6 70. Rxg7 Kc6 71. Rg6+ 1/2-1/2

[Event "Open"]
[Site "Cappelle la Grande"]
[Date "1999.02.19"]
[Round "7"]
[White "Bekker-Jensen, Simon"]
[Black "Khachian, Melikset"]
[Result "0-1"]
[WhiteElo "2360"]
[BlackElo "2478"]
[PlyCount "66"]
[EventDate "1999.02.??"]

1. d4 Nf6 2. c4 g6 3. Nc3 d5 4. Nf3 Bg7 5. Qb3 dxc4 6. Qxc4 O-O 7. e4 a6 8. Be2
b5 9. Qb3 c5 10. dxc5 Bb7 11. O-O Nbd7 12. e5 Nxc5 13. Qb4 Nfd7 14. Bg5 h6 15.
Be3 a5 16. Qh4 b4 17. Nb5 e6 18. Qxd8 Rfxd8 19. Rac1 Ne4 20. Bd4 Ng5 21. Ne1
Ba6 22. Nc2 Nxe5 23. Bxe5 Bxe5 24. f4 Rab8 25. fxg5 Bxb5 26. Bxb5 Rxb5 27. gxh6
Bxb2 28. Rcd1 Rxd1 29. Rxd1 a4 30. Rd8+ Kh7 31. Rd7 b3 32. axb3 axb3 33. Ne3
Kxh6 0-1

[Event "Open"]
[Site "Cappelle la Grande"]
[Date "1999.02.19"]
[Round "7"]
[White "Beshukov, Sergei"]
[Black "Volkov, Sergey"]
[Result "0-1"]
[WhiteElo "2511"]
[BlackElo "2587"]
[PlyCount "74"]
[EventDate "1999.02.??"]

1. e4 e6 2. d3 d5 3. Qe2 Nf6 4. Nf3 Be7 5. g3 O-O 6. Bg2 c5 7. O-O b5 8. e5
Nfd7 9. c4 bxc4 10. dxc4 Nb6 11. b3 a5 12. Rd1 a4 13. Na3 Nc6 14. Bf4 Ba6 15.
h4 Qb8 16. Rab1 Rc8 17. Qe1 Nb4 18. cxd5 N6xd5 19. Bg5 Bxg5 20. Nxg5 h6 21. Nh3
Bd3 22. Ra1 Bc2 23. Rd2 axb3 24. axb3 Bxb3 25. Nf4 Nxf4 26. Bxa8 Nfd3 27. Qb1
Qxe5 28. Bg2 c4 29. Qf1 Rd8 30. Re2 Qc5 31. Be4 c3 32. Bxd3 Rxd3 33. Kg2 c2 34.
Ree1 Rd2 35. Kg1 Nd3 36. Nxc2 Qxc2 37. Ra8+ Kh7 0-1

[Event "Open"]
[Site "Cappelle la Grande"]
[Date "1999.02.19"]
[Round "7"]
[White "Blehm, Pawel"]
[Black "Kengis, Edvins"]
[Result "1/2-1/2"]
[WhiteElo "2428"]
[BlackElo "2571"]
[PlyCount "53"]
[EventDate "1999.02.??"]

1. e4 c5 2. Nf3 e6 3. d4 cxd4 4. Nxd4 a6 5. Nc3 b5 6. Bd3 Qb6 7. Be3 Bc5 8. Be2
Nc6 9. Nxc6 Bxe3 10. fxe3 dxc6 11. Qd4 Qxd4 12. exd4 e5 13. d5 Ne7 14. O-O-O
Bd7 15. dxc6 Nxc6 16. Nd5 Ra7 17. c3 Be6 18. Rd2 O-O 19. Rhd1 h6 20. Kb1 Rb8
21. Nb4 Nxb4 22. cxb4 Kh7 23. Rd6 a5 24. bxa5 Rxa5 25. b3 b4 26. R1d2 Rb7 27.
Rc6 1/2-1/2

[Event "Open"]
[Site "Cappelle la Grande"]
[Date "1999.02.19"]
[Round "7"]
[White "Brodsky, Michail"]
[Black "Bucher, Denis"]
[Result "1/2-1/2"]
[WhiteElo "2530"]
[BlackElo "2276"]
[PlyCount "91"]
[EventDate "1999.02.??"]

1. e4 c5 2. Nf3 d6 3. d4 cxd4 4. Nxd4 Nf6 5. Nc3 a6 6. Bc4 e6 7. a3 Be7 8. Ba2
Nc6 9. O-O Qc7 10. Kh1 O-O 11. f4 Nxd4 12. Qxd4 b5 13. f5 e5 14. Qd3 h6 15. Be3
Bb7 16. Bf2 Rac8 17. Bh4 Nh7 18. Bf2 Nf6 19. Rad1 Rfd8 20. Rfe1 Bc6 21. Re2 Qb7
22. Nd5 Bxd5 23. Bxd5 Nxd5 24. Qxd5 Qxd5 25. Rxd5 Rc6 26. g3 Rdc8 27. c3 Kf8
28. Kg2 Bd8 29. Red2 Ke7 30. Kf3 Bb6 31. Be1 Bc5 32. g4 a5 33. b4 Ba7 34. Ra2
Rb8 35. a4 axb4 36. axb5 Rc7 37. cxb4 Bd4 38. Ra6 Rc1 39. Ke2 Bb6 40. h3 Rc4
41. Kf3 Rc1 42. Ke2 Rc4 43. Kd3 Rc1 44. Ke2 Rc4 45. Kf3 Rc1 46. Bd2 1/2-1/2

[Event "Open"]
[Site "Cappelle la Grande"]
[Date "1999.02.19"]
[Round "7"]
[White "Brunelliere, Pierre"]
[Black "Belichev, Nikolai"]
[Result "1-0"]
[WhiteElo "2238"]
[BlackElo "2397"]
[PlyCount "73"]
[EventDate "1999.02.??"]

1. e4 c5 2. c3 d5 3. exd5 Qxd5 4. d4 e6 5. Nf3 Nf6 6. Bd3 Be7 7. O-O O-O 8. Be3
cxd4 9. cxd4 Nc6 10. Nc3 Qd6 11. a3 b6 12. Rc1 Bb7 13. Qe2 Rfd8 14. Rfd1 h6 15.
Bb1 Bf8 16. Qd3 Rac8 17. Ne4 Nxe4 18. Qxe4 f5 19. Qh4 Qd5 20. Re1 Ne7 21. Qg3
Kh7 22. h4 Bc6 23. Ne5 Be8 24. Nd3 Rxc1 25. Rxc1 Qd6 26. Qxd6 Rxd6 27. Ne5 Nc6
28. Ba2 Nxd4 29. Rc8 Ne2+ 30. Kh2 f4 31. Rxe8 fxe3 32. fxe3 Kg8 33. Bxe6+ Kh7
34. Bc4 Rf6 35. Bxe2 Bd6 36. Kg1 Bc5 37. Nd7 1-0

[Event "Open"]
[Site "Cappelle la Grande"]
[Date "1999.02.19"]
[Round "7"]
[White "Delemarre, Jop"]
[Black "Grigore, George"]
[Result "0-1"]
[WhiteElo "2383"]
[BlackElo "2526"]
[PlyCount "66"]
[EventDate "1999.02.??"]

1. d4 Nf6 2. Nf3 g6 3. Bg5 Bg7 4. Nbd2 O-O 5. c3 d6 6. e4 c5 7. dxc5 dxc5 8.
Bc4 Nc6 9. Qe2 Ng4 10. Bd5 Qc7 11. h3 Nge5 12. O-O e6 13. Bb3 Nxf3+ 14. Nxf3
Na5 15. Bc2 e5 16. Rfd1 Be6 17. b3 a6 18. Be3 h6 19. Qd2 Rfd8 20. Qe1 b5 21.
Rxd8+ Rxd8 22. Rd1 Rxd1 23. Qxd1 Bf8 24. Qd2 Kh7 25. Nxe5 Qxe5 26. Qd8 Qxc3 27.
Qxf8 Qxc2 28. Bxh6 Qc3 29. Bg5 Nc6 30. f4 Nd4 31. f5 gxf5 32. Qh6+ Kg8 33. Bf6
Qc1+ 0-1

[Event "Open"]
[Site "Cappelle la Grande"]
[Date "1999.02.19"]
[Round "7"]
[White "Dgebuadze, Alexandre"]
[Black "Mancini, Mario"]
[Result "1/2-1/2"]
[WhiteElo "2539"]
[BlackElo "2328"]
[PlyCount "47"]
[EventDate "1999.02.??"]

1. e4 e5 2. Nf3 Nc6 3. Bb5 a6 4. Ba4 Nf6 5. d3 d6 6. c3 Bd7 7. Nbd2 g6 8. Nf1
Bg7 9. Ng3 O-O 10. h3 Re8 11. Nh2 d5 12. Bc2 Be6 13. Qf3 d4 14. c4 Nd7 15. a3
b5 16. b3 Rb8 17. cxb5 axb5 18. b4 Na7 19. Ng4 Qh4 20. O-O c5 21. bxc5 Nxc5 22.
Qd1 Nc6 23. Bd2 Rec8 24. Rb1 1/2-1/2

[Event "Open"]
[Site "Cappelle la Grande"]
[Date "1999.02.19"]
[Round "7"]
[White "Dubois, Jean-Marie"]
[Black "Kobalija, Mihail"]
[Result "0-1"]
[WhiteElo "2314"]
[BlackElo "2537"]
[PlyCount "76"]
[EventDate "1999.02.??"]

1. e4 e5 2. Nf3 d6 3. d4 exd4 4. Nxd4 Nf6 5. Nc3 Be7 6. Be2 O-O 7. O-O Re8 8.
f4 Bf8 9. Bf3 Na6 10. Re1 c6 11. Be3 g6 12. Bf2 Nd7 13. Rb1 Bh6 14. g3 Nc7 15.
b4 Bg7 16. b5 c5 17. Nde2 Nb6 18. e5 dxe5 19. Qxd8 Rxd8 20. fxe5 Ne6 21. Ne4
Nc4 22. Bg2 Nxe5 23. Nxc5 Ng5 24. Rb3 Rb8 25. Ne4 Nh3+ 26. Bxh3 Bxh3 27. Bxa7
Ra8 28. Bb6 Rdc8 29. Ng5 Bd7 30. a3 h6 31. Ne4 Be6 32. c4 Bxc4 33. Rc3 Nd3 34.
Rxd3 Bxd3 35. Nd6 Rc2 36. Nf4 Rxa3 37. Nd5 Raa2 38. Ne7+ Kh7 0-1

[Event "Open"]
[Site "Cappelle la Grande"]
[Date "1999.02.19"]
[Round "7"]
[White "Galdunts, Sergey"]
[Black "Timoshenko, Georgy"]
[Result "1/2-1/2"]
[WhiteElo "2435"]
[BlackElo "2592"]
[PlyCount "34"]
[EventDate "1999.02.??"]

1. e4 c5 2. Nf3 Nc6 3. Bb5 d6 4. Bxc6+ bxc6 5. d3 e5 6. O-O Be7 7. Nbd2 Nf6 8.
Nc4 O-O 9. c3 h6 10. Re1 Be6 11. Qa4 Qc7 12. Na5 Rac8 13. d4 Nd7 14. dxc5 dxc5
15. Be3 Nb6 16. Qa3 c4 17. Bc5 Bxc5 1/2-1/2

[Event "Open"]
[Site "Cappelle la Grande"]
[Date "1999.02.19"]
[Round "7"]
[White "Galkin, Alexander"]
[Black "David, Alberto"]
[Result "1/2-1/2"]
[WhiteElo "2507"]
[BlackElo "2530"]
[PlyCount "33"]
[EventDate "1999.02.??"]

1. e4 c5 2. Nf3 Nc6 3. d4 cxd4 4. Nxd4 Nf6 5. Nc3 d6 6. Bg5 e6 7. Qd2 a6 8.
O-O-O h6 9. Be3 Be7 10. f4 O-O 11. Be2 Nxd4 12. Qxd4 b5 13. Bf3 Bb7 14. e5 Bxf3
15. gxf3 Ne8 16. Rhg1 f5 17. exf6 1/2-1/2

[Event "Open"]
[Site "Cappelle la Grande"]
[Date "1999.02.19"]
[Round "7"]
[White "Ivanov, Jordan"]
[Black "Cosma, Ioan"]
[Result "1-0"]
[WhiteElo "2359"]
[BlackElo "2475"]
[PlyCount "48"]
[EventDate "1999.02.??"]

1. d4 Nf6 2. c4 e6 3. Nc3 Bb4 4. e3 c5 5. Bd3 O-O 6. Nge2 d5 7. cxd5 cxd4 8.
exd4 Nxd5 9. O-O Nc6 10. Nxd5 exd5 11. Nf4 g6 12. Be3 Be7 13. Rc1 Bf6 14. Rc5
Be6 15. Re1 Qd6 16. Nxe6 fxe6 17. Qg4 Bg7 18. h4 e5 19. dxe5 Nxe5 20. Qg3 d4
21. Bxd4 Nf3+ 22. Qxf3 Rxf3 23. gxf3 Bxd4 24. Bc4+ Kh8 1-0

[Event "Open"]
[Site "Cappelle la Grande"]
[Date "1999.02.19"]
[Round "7"]
[White "Lanka, Zigurds"]
[Black "Avrukh, Boris"]
[Result "0-1"]
[WhiteElo "2521"]
[BlackElo "2609"]
[PlyCount "72"]
[EventDate "1999.02.??"]

1. e4 c5 2. Nf3 d6 3. d4 cxd4 4. Nxd4 Nf6 5. Nc3 a6 6. Be3 Ng4 7. Bg5 h6 8. Bh4
g5 9. Be2 Bg7 10. Bg3 h5 11. Bxg4 hxg4 12. Nce2 Qb6 13. O-O Nc6 14. c3 Qxb2 15.
Nc2 Ne5 16. Ne3 Qa3 17. Nd4 e6 18. Nb3 Bd7 19. Nxg4 O-O-O 20. Ne3 Bb5 21. c4
Bc6 22. Qc2 Ng6 23. c5 Qb2 24. Qxb2 Bxb2 25. Rab1 Be5 26. cxd6 Nf4 27. Rfe1
Bxd6 28. Na5 Bxe4 29. Rbc1+ Kb8 30. Nec4 Bd5 31. Nxd6 Rxd6 32. f3 Rdd8 33. Rb1
Ka8 34. a3 Rc8 35. h4 Rc2 36. Bxf4 gxf4 0-1

[Event "Open"]
[Site "Cappelle la Grande"]
[Date "1999.02.19"]
[Round "7"]
[White "Mikhaletz, Lubomir"]
[Black "Kekelidze, Mikheil"]
[Result "1-0"]
[WhiteElo "2485"]
[BlackElo "2439"]
[PlyCount "73"]
[EventDate "1999.02.??"]

1. e4 c5 2. Nf3 e6 3. d4 cxd4 4. Nxd4 a6 5. Nc3 Qc7 6. Be2 Nc6 7. O-O Nf6 8.
Kh1 h5 9. f4 d6 10. Nxc6 bxc6 11. e5 dxe5 12. fxe5 Qxe5 13. Bf4 Qa5 14. a3 Be7
15. b4 Qd8 16. Qe1 Bd7 17. Qg3 h4 18. Qxg7 Rg8 19. Qh6 h3 20. gxh3 Bf8 21. Qh4
Nd5 22. Qxd8+ Kxd8 23. Be5 Be8 24. Ne4 f5 25. Nc5 Bxc5 26. bxc5 Ke7 27. Rab1
Ra7 28. c4 Nf6 29. Bf3 Nd7 30. Bd6+ Kf6 31. Rfe1 e5 32. Bxc6 e4 33. Rf1 Nxc5
34. Bxe8 Nd3 35. Bc6 Rag7 36. Bg3 e3 37. Be4 1-0

[Event "Open"]
[Site "Cappelle la Grande"]
[Date "1999.02.19"]
[Round "7"]
[White "Minasian, Artashes"]
[Black "Socko, Bartosz"]
[Result "0-1"]
[WhiteElo "2594"]
[BlackElo "2497"]
[PlyCount "98"]
[EventDate "1999.02.??"]

1. Nf3 Nf6 2. c4 g6 3. b4 Bg7 4. Bb2 O-O 5. e3 d6 6. d3 e5 7. Qc2 Nbd7 8. Be2
b6 9. Nc3 Bb7 10. O-O Ne8 11. d4 a5 12. a3 axb4 13. axb4 Rxa1 14. Rxa1 Bxf3 15.
Bxf3 exd4 16. Ra8 Qh4 17. exd4 Qxd4 18. Bc6 Qe5 19. Kf1 Nef6 20. Nd5 Qxh2 21.
Rxf8+ Kxf8 22. Nxc7 Ne5 23. Qa4 Qh1+ 24. Ke2 Bh6 25. Qa8+ Kg7 26. Qb7 Qh5+ 27.
f3 Qf5 28. Be4 Qd7 29. Qb8 Bf4 30. Bc2 Qc6 31. Bb3 Kh6 32. Qd8 Bg5 33. Nb5 Nfd7
34. Qg8 d5 35. Nd4 Qd6 36. g3 dxc4 37. f4 Bf6 38. fxe5 Qxe5+ 39. Kf2 cxb3 40.
Qxf7 Qe7 41. Bc1+ Kh5 42. Qd5+ Ne5 43. Nc6 Qf7 44. g4+ Kh4 45. Qh1+ Kxg4 46.
Qe4+ Kh5 47. Qe2+ Ng4+ 48. Kg3 Qd7 49. b5 Bh4+ 0-1

[Event "Open"]
[Site "Cappelle la Grande"]
[Date "1999.02.19"]
[Round "7"]
[White "Nikolaidis, Ioannis"]
[Black "Dvoirys, Semen I"]
[Result "1/2-1/2"]
[WhiteElo "2510"]
[BlackElo "2562"]
[PlyCount "76"]
[EventDate "1999.02.??"]

1. e4 c5 2. b3 d6 3. Bb2 e5 4. Bb5+ Nc6 5. Ne2 Nf6 6. Bxc6+ bxc6 7. d3 Be7 8.
O-O O-O 9. Nd2 Nh5 10. f4 exf4 11. Nxf4 Nxf4 12. Rxf4 f5 13. exf5 Bxf5 14. Qf3
Qd7 15. Qg3 Bg6 16. Raf1 Rxf4 17. Rxf4 Rf8 18. Rxf8+ Bxf8 19. Qe3 Qe8 20. Kf2
Qxe3+ 21. Kxe3 Kf7 22. Ne4 Be7 23. h3 Bf5 24. Kf3 g6 25. Bc3 Bc8 26. Ba5 Ke6
27. Bd2 h5 28. Be3 Bf8 29. Ng5+ Ke7 30. Ne4 Be6 31. Bg5+ Ke8 32. Be3 Be7 33.
Bg5 Bf8 34. Be3 Bf5 35. Bf4 Kd7 36. Nf6+ Ke7 37. Ne4 Kd7 38. Nf6+ Ke7 1/2-1/2

[Event "Open"]
[Site "Cappelle la Grande"]
[Date "1999.02.19"]
[Round "7"]
[White "Payen, Arnaud"]
[Black "Soulages, Laurent"]
[Result "1-0"]
[WhiteElo "2415"]
[BlackElo "2228"]
[PlyCount "55"]
[EventDate "1999.02.??"]

1. e4 c5 2. d3 Nc6 3. g3 e6 4. Bg2 Nf6 5. Nf3 d5 6. Nbd2 Be7 7. O-O O-O 8. Re1
b5 9. e5 Nd7 10. Nf1 Qc7 11. Bf4 a5 12. h4 a4 13. a3 Ba6 14. N1h2 c4 15. d4 b4
16. axb4 Nxb4 17. Re3 Bb5 18. Ng5 h6 19. Ngf3 Rfc8 20. Ng4 Qd8 21. Qd2 c3 22.
bxc3 Nc6 23. Ree1 Na5 24. Bxh6 gxh6 25. Nxh6+ Kg7 26. Nh2 Nf8 27. N2g4 Be8 28.
Nf5+ 1-0

[Event "Open"]
[Site "Cappelle la Grande"]
[Date "1999.02.19"]
[Round "7"]
[White "Plachetka, Jan"]
[Black "Haba, Petr"]
[Result "1/2-1/2"]
[WhiteElo "2395"]
[BlackElo "2545"]
[PlyCount "20"]
[EventDate "1999.02.??"]

1. d4 d5 2. c4 c6 3. cxd5 cxd5 4. Nc3 Nf6 5. Bf4 Nc6 6. Nf3 Bf5 7. e3 e6 8. Bd3
Bxd3 9. Qxd3 Bd6 10. Bxd6 Qxd6 1/2-1/2

[Event "Open"]
[Site "Cappelle la Grande"]
[Date "1999.02.19"]
[Round "7"]
[White "Relange, Eloi"]
[Black "Cosma, Elena Luminita"]
[Result "1-0"]
[WhiteElo "2478"]
[BlackElo "2365"]
[PlyCount "53"]
[EventDate "1999.02.??"]

1. c4 e6 2. Nf3 d5 3. d4 c6 4. Nc3 Nf6 5. Bg5 h6 6. Bh4 dxc4 7. e4 g5 8. Bg3 b5
9. Be2 Bb4 10. Qc2 Bb7 11. Rd1 Nbd7 12. O-O Nh5 13. d5 Nxg3 14. hxg3 Bxc3 15.
dxe6 fxe6 16. Qxc3 Qf6 17. e5 Qe7 18. Rd6 c5 19. b3 Rd8 20. Rfd1 O-O 21. bxc4
Nb6 22. cxb5 Bd5 23. Qxc5 Nc8 24. R1xd5 exd5 25. Rg6+ Kf7 26. Qc2 Nb6 27. e6+
1-0

[Event "Open"]
[Site "Cappelle la Grande"]
[Date "1999.02.19"]
[Round "7"]
[White "Skripchenko, Almira"]
[Black "Markowski, Tomasz"]
[Result "1/2-1/2"]
[WhiteElo "2414"]
[BlackElo "2549"]
[PlyCount "56"]
[EventDate "1999.02.??"]

1. e4 c5 2. Nf3 g6 3. d4 Bg7 4. d5 Nf6 5. Nc3 d6 6. Bb5+ Nbd7 7. a4 O-O 8. O-O
a6 9. Be2 Ne8 10. Bg5 Nc7 11. Qd2 Rb8 12. a5 b5 13. axb6 Nxb6 14. b3 Bb7 15.
Bh6 f5 16. Bxg7 Kxg7 17. e5 Nbxd5 18. Nxd5 Bxd5 19. Qc3 Kg8 20. Bxa6 Bxf3 21.
Qxf3 d5 22. Rfd1 Ra8 23. Be2 Qd7 24. h4 Qe6 25. Qc3 Qb6 26. h5 Kg7 27. Qg3 Qe6
28. f4 Qd7 1/2-1/2

[Event "Open"]
[Site "Cappelle la Grande"]
[Date "1999.02.19"]
[Round "7"]
[White "Summerscale, Aaron"]
[Black "Miezis, Normunds"]
[Result "0-1"]
[WhiteElo "2440"]
[BlackElo "2525"]
[PlyCount "60"]
[EventDate "1999.02.??"]

1. d4 Nf6 2. Nc3 d5 3. Bg5 c6 4. Qd2 b5 5. f3 Nbd7 6. e4 b4 7. Nd1 dxe4 8. Qxb4
e5 9. Qa4 exd4 10. Qxc6 Rb8 11. Bxf6 Qxf6 12. Qxe4+ Kd8 13. Be2 Bb4+ 14. Kf1
Re8 15. Qxh7 Nc5 16. c3 d3 17. cxb4 dxe2+ 18. Nxe2 Rxe2 19. Kxe2 Ba6+ 20. Kd2
Qd4+ 21. Kc1 Nd3+ 22. Kb1 Rc8 23. Qg8+ Ke7 24. Qxc8 Bxc8 25. a4 Bf5 26. Ra3
Nxb4+ 27. Ka1 Nc2+ 28. Ka2 Be6+ 29. Kb1 Nxa3+ 30. bxa3 Bf5+ 0-1

[Event "Open"]
[Site "Cappelle la Grande"]
[Date "1999.02.19"]
[Round "7"]
[White "Sziebert, Adam"]
[Black "Raetsky, Alexander"]
[Result "1-0"]
[WhiteElo "2302"]
[BlackElo "2453"]
[PlyCount "59"]
[EventDate "1999.02.??"]

1. e4 e5 2. Nf3 Nf6 3. d4 Nxe4 4. Bd3 d5 5. Nxe5 Nd7 6. Nxd7 Bxd7 7. O-O Qf6 8.
Bxe4 dxe4 9. Nc3 O-O-O 10. Nxe4 Qg6 11. Ng5 f6 12. Nf3 h5 13. c4 h4 14. Ne1 h3
15. g3 Bg4 16. f3 Bc5 17. Be3 Rhe8 18. Bf2 Bf5 19. d5 Bd6 20. Qd2 Re5 21. Rd1
Rde8 22. c5 Re2 23. Qa5 Be5 24. d6 Qf7 25. Qxa7 cxd6 26. cxd6 Qc4 27. Qa8+ Kd7
28. Qxb7+ Ke6 29. d7 Rd8 30. b3 1-0

[Event "Open"]
[Site "Cappelle la Grande"]
[Date "1999.02.19"]
[Round "7"]
[White "Welling, Gerard"]
[Black "Atalik, Suat"]
[Result "1/2-1/2"]
[WhiteElo "2334"]
[BlackElo "2593"]
[PlyCount "58"]
[EventDate "1999.02.??"]

1. e4 c5 2. d3 Nc6 3. g3 d5 4. Nd2 d4 5. f4 e5 6. Ndf3 exf4 7. gxf4 Nf6 8. Ne2
g6 9. Bg2 Bg7 10. O-O b6 11. f5 Ng4 12. Bg5 f6 13. Bd2 Nge5 14. Nf4 O-O 15. b3
Rb8 16. Qe1 g5 17. Nxe5 Nxe5 18. Nd5 h5 19. h4 g4 20. Qg3 Kh7 21. Nf4 Bh6 22.
Rad1 Bxf4 23. Bxf4 Re8 24. a4 Rb7 25. Ra1 Ree7 26. Kh1 Bd7 27. Rfb1 a5 28. Bd2
Be8 29. Rf1 Bf7 1/2-1/2

[Event "Open"]
[Site "Cappelle la Grande"]
[Date "1999.02.19"]
[Round "7"]
[White "Yakovich, Yuri"]
[Black "Krivonosov, Oleg"]
[Result "1-0"]
[WhiteElo "2565"]
[BlackElo "2446"]
[PlyCount "131"]
[EventDate "1999.02.??"]

1. d4 d5 2. c4 e6 3. Nc3 Be7 4. cxd5 exd5 5. Bf4 c6 6. Qc2 Bd6 7. Bg3 Ne7 8. e3
Bf5 9. Qb3 Nc8 10. Be2 O-O 11. Nf3 Qb6 12. Nh4 Bg6 13. Nxg6 hxg6 14. Qc2 Nd7
15. O-O-O Nf6 16. f3 Re8 17. e4 dxe4 18. fxe4 Bb4 19. Na4 Qa5 20. a3 Bf8 21.
Nc3 Nb6 22. Kb1 c5 23. Be1 cxd4 24. Nb5 Qa4 25. Qxa4 Nxa4 26. Nc7 Rxe4 27. Nxa8
Rxe2 28. Rd2 Re8 29. Rxd4 Nxb2 30. Nc7 Rc8 31. Kxb2 Rxc7 32. Rd8 Rd7 33. Ra8
Nd5 34. Rxa7 Bc5 35. Ra8+ Kh7 36. Rf1 Nb6 37. Rb8 Nc4+ 38. Ka2 g5 39. Bb4 Bxb4
40. axb4 Ne5 41. Kb3 Nc6 42. Rc8 f6 43. Kc3 Re7 44. Rb1 Re2 45. b5 Ne7 46. Rb8
Nd5+ 47. Kc4 Nb6+ 48. Kd3 Re7 49. Rd8 Kg6 50. Rd6 Nc8 51. Rd4 Nb6 52. Rb2 Nd7
53. Kc4 Kf7 54. Kd5 Re6 55. Rc2 Nb6+ 56. Kc5 Ke7 57. Kb4 Ke8 58. Rc7 Re7 59.
Rxe7+ Kxe7 60. Re4+ Kd6 61. Re8 Nd5+ 62. Kc4 Nf4 63. g3 Ne6 64. Rg8 Kc7 65. Kd5
Kd7 66. g4 1-0